Geography Quiz

Random Geography or City Quiz

'C' in Asia Quiz Stats

 Plays Quiz Updated Jun 11, 2017

Challenge
Share
Tweet
Embed
Score 0/16 Timer 06:00
5 Plays Today
Hint Answer % Correct
Which Southeast country bordering the Gulf of Thailand has a population over 15 million?Cambodia
94.6%
The Han are an ethnic group constituting approximately 92% of the population of which Asian nation?China
85.8%
What dialect of Chinese is spoken in the southern province of Guangdong, and in Macau and Hong Kong?Cantonese
74.2%
Azerbaijan, Iran, and Turkmenistan border which lake?Caspian Sea
70.8%
What was the former name of Sri Lanka from the beginning of British colonial rule until 1972?Ceylon
64.5%
What type of tree can be found on the Lebanese flag?cedar
62.9%
Which Sri Lankan port city has a historical museum that borders Viharamahadevi Park and its giant buddha?Colombo
58.3%
What mountain range has Mount Elbrus as its highest peak at 5,642 m high?Caucasus Mountains
43.4%
Hint Answer % Correct
After Mumbai, Delhi and Bangalore, which city has the fourth-largest population in India?Chennai
40.1%
Which city is nicknamed 'The Queen of Eastern Bengal' and 'The Commercial Capital of Bangladesh'?Chittagong
25.9%
Which Thai city is located 700 km north of Bangkok, situated astride the Ping River, a tributary of the Chao Phraya River?Chiang Mai
25.7%
What was the name of the ancient region lying between Jordan, the Dead Sea and the Mediterranean?Canaan
24.1%
Which of the Visayan Islands in the Philippines is one of the nation's main centers of commerce, tourism and industry?Cebu
23.6%
Anshun Bridge, Sichuan University and Sichuan Giant Panda Sanctuaries can all be found in which Chinese provincial capital?Chengdu
23.3%
Which sea in the western Pacific Ocean borders the islands Mindanao, Borneo and Sulawesi?Celebes Sea
14.3%
Which quay in Singapore was named after the country's second Governor and now hosts various restaurants and nightclubs?Clarke Quay
7.7%

You're not logged in!

Compare scores with friends on all Sporcle quizzes.
Join for Free
OR
Log In

You Might Also Like...

Show Comments

Extras

Top Quizzes Today


Score Distribution

Your Account Isn't Verified!

In order to create a playlist on Sporcle, you need to verify the email address you used during registration. Go to your Sporcle Settings to finish the process.

Report this User

Report this user for behavior that violates our Community Guidelines.

Details: